|
|
|
|
| LEADER |
00000nab a2200000uu 4500 |
| 001 |
vtls010875840 |
| 003 |
SK-MaSNL |
| 005 |
20260303165441.0 |
| 008 |
230303|1969 xo |||||||||||||||||eng| |
| 015 |
|
|
|a SNBRB
|
| 035 |
|
|
|a (urnnbn)urn:nbn:sk:snk:ar-0060nl
|
| 035 |
|
|
|a (uuid)1f7f4a1e-f879-4fac-870b-70107a5c7df2
|
| 035 |
|
|
|a urn:nbn:sk:snk-ab7pm5
|
| 040 |
|
|
|a SNKBUCL
|b slo
|c SNKBUCL
|e AACR2
|
| 041 |
0 |
|
|a eng
|
| 044 |
|
|
|a xo
|c SK
|
| 100 |
1 |
|
|a Kardošová, Alžbeta
|4 aut
|9 223350
|
| 245 |
1 |
0 |
|a Polysaccharides of Wood-destroying Fungus Fomes fomentarius (L.) FR. Extracted with Water
|c A. Kardošová, J. Kubala, J. Rosík, K. Babor
|
| 700 |
1 |
|
|a Kubala, J.
|4 aut
|9 1130311
|
| 700 |
1 |
|
|a Rosík, J.
|4 aut
|9 1137099
|
| 700 |
1 |
|
|a Babor, Karol,
|d 1928-2017
|4 aut
|9 39800
|
| 773 |
0 |
|
|t Chemické zvesti
|g Roč. 23, č. 6 (1969), s. 454-461
|
| 954 |
|
|
|a odborná, vedecká literatúra pôvodná (slovenská)
|2 lita
|
| 958 |
|
|
|a OND
|
| 958 |
|
|
|a EUIPO
|
| 958 |
|
|
|a article8
|
| 999 |
|
|
|c 2071815
|d 2073745
|